Mikroštruktúrna analýza zvarových spojov nízkouhlíkových oceľových plechov upravených procesom nitrooxidácie

Bibliographic Details
Main Authors: Marônek, Milan, 1961- (Author), Lazar, Roman (Author), Dománková, Mária, 1966- (Author), Kotras, Peter, 1939-2018 (Author)
Format: Article
Language:Slovak
PhysicalDescription:Obr., tab.
ISSN:1336-5045
Subjects:

MARC

LEADER 00000nab a2200000 a 4500
001 vtls001520842
003 SK-MaSNL
005 20260304134412.0
008 250505c2005 xo qr|p|||||||000 b|slo
015 |a SNBRB2005/03  |2 snkbucl 
035 |a (uuid)68237d95-aba0-467d-abbf-24883fb0a654 
035 |a urn:nbn:sk:snk-ab9uzy 
035 |a (urnnbn)urn:nbn:sk:snk:ar-a08xjb 
038 |a SNKBUCL 
040 |a SNKBUCL  |b slo  |c SNKBUCL  |e AACR2 
041 0 |a slo  |b eng  |b slo 
044 |a xo  |c SK 
080 |a 621.791.05:669.15-194-41:544.016.5  |2 1997 
080 |a 669.15-194-41  |2 1997 
080 |a 544.016.5  |2 1997 
245 0 0 |a Mikroštruktúrna analýza zvarových spojov nízkouhlíkových oceľových plechov upravených procesom nitrooxidácie  |c Milan Marônek ... [et al.] 
246 3 1 |a Microstructure analysis of weld joints from nitrooxidation treated low carbon steel sheets 
300 |b Obr., tab. 
504 |a Bibliogr. odkazy 
546 |a Res. angl., slov. 
650 0 7 |a oceľové plechy  |2 snkbucl  |9 73051 
650 0 7 |a zvarové spoje  |2 snkbucl  |9 31821 
650 0 7 |a mikroštruktúra materiálov  |2 snkbucl  |9 537910 
650 0 7 |a nitrooxidácia  |2 snkbucl  |9 1446905 
700 1 |a Marônek, Milan,  |d 1961-  |4 aut  |9 164515 
700 1 |a Lazar, Roman  |4 aut  |9 695852 
700 1 |a Dománková, Mária,  |d 1966-  |4 aut  |9 215570 
700 1 |a Kotras, Peter,  |d 1939-2018  |4 aut  |9 199611 
773 0 |t Zvárač  |g Roč. II, č. 1 (2005), s. 23-28  |x 1336-5045 
850 |a Slovenská národná knižnica 
852 |a Slovenská národná knižnica 
954 |a odborná, vedecká literatúra pôvodná (slovenská)  |2 lita 
958 |a article13 
958 |a OND 
958 |a NB 
958 |a EUIPO 
999 |c 2906704  |d 2908634